The Druids' keep / (Record no. 173279)

000 -LEADER
fixed length control field 01416cam a2200373 a 4500
001 - CONTROL NUMBER
control field 13379925
003 - CONTROL NUMBER IDENTIFIER
control field Nust
005 - DATE AND TIME OF LATEST TRANSACTION
control field 20220831114919.0
008 - FIXED-LENGTH DATA ELEMENTS--GENERAL INFORMATION
fixed length control field 031022r20031977nyub 000 1 eng d
010 ## - LIBRARY OF CONGRESS CONTROL NUMBER
LC control number 2003277208
020 ## - INTERNATIONAL STANDARD BOOK NUMBER
International Standard Book Number 1904233414 (pbk.)
Terms of availability Rs. 436
035 ## - SYSTEM CONTROL NUMBER
System control number (OCoLC)ocm52936738
038 ## - RECORD CONTENT LICENSOR
Staff Name Arshad
040 ## - CATALOGING SOURCE
Original cataloging agency IG#
Transcribing agency IG#
Modifying agency DLC
042 ## - AUTHENTICATION CODE
Authentication code lccopycat
050 00 - LIBRARY OF CONGRESS CALL NUMBER
Classification number PS3552.R6596
Item number D73 2003
082 00 - DEWEY DECIMAL CLASSIFICATION NUMBER
Classification number 823
Author Mark BRO
100 1# - MAIN ENTRY--PERSONAL NAME
Personal name Brooks, Terry.
9 (RLIN) 11784
245 14 - TITLE STATEMENT
Title The Druids' keep /
Statement of responsibility, etc. Terry Brooks.
250 ## - EDITION STATEMENT
Edition statement 1st Ballantine Digest ed.
260 ## - PUBLICATION, DISTRIBUTION, ETC.
Place of publication, distribution, etc. New York :
Name of publisher, distributor, etc. Del Rey, Ballantine Books,
Date of publication, distribution, etc. 2003.
300 ## - PHYSICAL DESCRIPTION
Extent 244 p. :
Other physical details map ;
Dimensions 20 cm.
490 1# - SERIES STATEMENT
Series statement The sword of Shannara ;
Volume/sequential designation pt. 2
650 #0 - SUBJECT ADDED ENTRY--TOPICAL TERM
Topical term or geographic name entry element Shannara (Imaginary place)
Form subdivision Fiction.
9 (RLIN) 11787
650 #0 - SUBJECT ADDED ENTRY--TOPICAL TERM
Topical term or geographic name entry element Elves
Form subdivision Fiction.
9 (RLIN) 11788
655 #7 - INDEX TERM--GENRE/FORM
Genre/form data or focus term Fantasy fiction.
Source of term gsafd
9 (RLIN) 1087
800 1# - SERIES ADDED ENTRY--PERSONAL NAME
Personal name Brooks, Terry.
Title of a work Sword of Shannara ;
Volume/sequential designation pt. 2.
9 (RLIN) 11789
856 42 - ELECTRONIC LOCATION AND ACCESS
Materials specified Contributor biographical information
Uniform Resource Identifier <a href="http://www.loc.gov/catdir/bios/random055/2003277208.html">http://www.loc.gov/catdir/bios/random055/2003277208.html</a>
856 41 - ELECTRONIC LOCATION AND ACCESS
Materials specified Sample text
Uniform Resource Identifier <a href="http://www.loc.gov/catdir/samples/random051/2003277208.html">http://www.loc.gov/catdir/samples/random051/2003277208.html</a>
856 42 - ELECTRONIC LOCATION AND ACCESS
Materials specified Publisher description
Uniform Resource Identifier <a href="http://www.loc.gov/catdir/description/random0414/2003277208.html">http://www.loc.gov/catdir/description/random0414/2003277208.html</a>
906 ## - LOCAL DATA ELEMENT F, LDF (RLIN)
a 7
b cbc
c copycat
d 2
e ncip
f 20
g y-gencatlg
942 ## - ADDED ENTRY ELEMENTS (KOHA)
Source of classification or shelving scheme
Koha item type Book
Holdings
Withdrawn status Lost status Source of classification or shelving scheme Damaged status Not for loan Permanent Location Current Location Shelving location Date acquired Full call number Barcode Date last seen Copy number Price effective from Koha item type
          Central Library (CL) Central Library (CL) Fiction 01/21/2017 823 BRO CL129 01/21/2017 1 01/21/2017 Book
© 2023 Central Library, National University of Sciences and Technology. All Rights Reserved.